000 00463nam a2200169Ia 4500
005 20250508160709.0
008 008 250505s9999 xx 000 0 eng d
037 _aBooks to be hide in OPAC
040 _aFEDL
_beng
_cFEDL
041 _aeng
_2eng
084 _a808.7, DAV/O
_qFEDL
245 0 _aPick of punch
260 _aLondon, UK
_bPunch Publications Ltd.
_c1970
300 _a192p.
942 _cHB
_h808.7, DAV/O
999 _c1366088
_d1366088